000 00365nam a2200157Ia 4500
008 221030s9999 xx 000 0 und d
020 _a8120309715
041 _aEnglish
082 _a105.23
_bHue
100 _aL. P. Huelsman
245 0 _aBasic Circuit Theory
_cby L. P. Huelsman
260 _bPHI
_aNew Delhi
_c2006
300 _a756
650 _aEE
942 _cBK
999 _c504
_d504